Name The Animals - Statistics

General Stats
  • This quiz has been taken 918 times
  • The average score is 8 of 8
Answer Stats
Hint Answer % Correct
something that barks. A man's best friend! dog
99%
something that likes to eat bananas monkey
98%
An animal that eats lots of bamboo in a day! panda
98%
something that has white and black stripes zebra
98%
An animal that has a long trunk elephant
97%
An animal that purrs cat
96%
An animal that looks like a clown and it's a fish clownfish
96%
somthing that siltheers around snake
92%
No matching quizzes found
Score Distribution
Percent of People with Each Score
Percentile by Number Answered
Your Score History
You have not taken this quiz